书目信息 |
| 题名: |
中国近代爱国者百人传
|
|
| 作者: | 赵矢元 主编 | |
| 分册: | ||
| 出版信息: | 哈尔滨 黑龙江人民出版社 1985 |
|
| 页数: | 490页 | |
| 开本: | 20cm | |
| 丛书名: | ||
| 单 册: | ||
| 中图分类: | K828.5 , K820 | |
| 科图分类: | ||
| 主题词: | 历史人物--生平事迹--中国--近代 , 人物--传记--中国 | |
| 电子资源: | ||
| ISBN: | ||
| 000 | 00704nam0 2200253 45 | |
| 001 | 0185016240 | |
| 005 | 20040511151359.4 | |
| 010 | @dCNY2.15 | |
| 100 | @a19901008d1985 em y0chiy0121 ea | |
| 101 | 0 | @achi |
| 102 | @aCN@b230000 | |
| 105 | @ay a 000yc | |
| 106 | @ar | |
| 200 | 10 | @a中国近代爱国者百人传@f赵矢元主编@Azhong guo jin dai ai guo zhe bai ren zhuan |
| 210 | @a哈尔滨@c黑龙江人民出版社@d1985 | |
| 215 | @a490页@d20cm | |
| 606 | @a历史人物@x生平事迹@y中国@z近代 | |
| 606 | 0 | @a人物@x传记@x中国 |
| 690 | @aK828.5@v3 | |
| 690 | @aK820 | |
| 701 | 0 | @a赵矢元@4主编@Azhao shi yuan |
| 801 | 0 | @aCN@b深圳图书馆@c20040511 |
| 801 | 2 | @aCN@bNLC@c20040511 |
| 905 | @f4@b128881-884@dK820@e15 | |
| 中国近代爱国者百人传/赵矢元主编.-哈尔滨:黑龙江人民出版社,1985 |
| 490页;20cm |
| ISBN :CNY2.15 |
| ● |
| 相关链接 |
|
|
|
|
正题名:中国近代爱国者百人传
索取号:K820/15
 
预约/预借
| 序号 | 登录号 | 条形码 | 馆藏地/架位号 | 状态 | 备注 |
| 1 | 0128881 | 001410137 | 密集书库/ [索取号:K820/15] | 在馆 | |
| 2 | 0128882 | 001410057 | 密集书库/ [索取号:K820/15] | 在馆 | |
| 3 | 0128883 | 001410011 | 密集书库/ [索取号:K820/15] | 在馆 | |
| 4 | 0128884 | 001410093 | 密集书库/ [索取号:K820/15] | 在馆 | |
| 5 | 0128885 | 202086679 | 第二样本阅览室/ [索取号:K820/15] | 在馆 |